|
|
|
|
| LEADER |
00000nam0a2200000 4500 |
| 001 |
321353 |
| 005 |
20231102003351.0 |
| 035 |
|
|
|a (RuTPU)RU\TPU\book\346907
|
| 090 |
|
|
|a 321353
|
| 100 |
|
|
|a 20160824d1966 km y0rusy50 ca
|
| 101 |
0 |
|
|a rus
|
| 102 |
|
|
|a RU
|
| 105 |
|
|
|a a z 000zy
|
| 200 |
1 |
|
|a Переходные металлы и их каталитические свойства
|f Б. В. Ерофеев
|
| 210 |
|
|
|a Москва
|c Знание
|d 1966
|
| 215 |
|
|
|a 63 с.
|c ил.
|
| 606 |
1 |
|
|a Металлы переходные
|x Химия
|2 stltpush
|3 (RuTPU)RU\TPU\subj\75062
|9 86943
|
| 610 |
1 |
|
|a каталитические свойства
|
| 610 |
1 |
|
|a атомы
|
| 610 |
1 |
|
|a ионы
|
| 610 |
1 |
|
|a электроны
|
| 610 |
1 |
|
|a адсорбция
|
| 610 |
1 |
|
|a катализ
|
| 610 |
1 |
|
|a библиотека А. Г. Стромберга
|
| 675 |
|
|
|a 546.302
|v 4
|
| 700 |
|
1 |
|a Ерофеев
|b Б. В.
|g Борис Васильевич
|
| 801 |
|
1 |
|a RU
|b 63413507
|c 20160824
|
| 801 |
|
2 |
|a RU
|b 63413507
|c 20220913
|g RCR
|
| 942 |
|
|
|c BK
|